La Turquie, la Georgie, l'Armenie
Αποθηκεύτηκε σε:
| Κύριος συγγραφέας: | |
|---|---|
| Άλλοι συγγραφείς: | |
| Μορφή: | Βιβλίο |
| Γλώσσα: | French |
| Δημοσίευση: |
Paris :
Francois Maspero,
1982
|
| Σειρά: | FM/La Decouverte = 1982 ;
; 56 |
| Θέματα: | |
| Ετικέτες: |
Προσθήκη ετικέτας
Δεν υπάρχουν, Καταχωρήστε ετικέτα πρώτοι!
|
MARC
| LEADER | 00000nam a2200000 i 4500 | ||
|---|---|---|---|
| 001 | 1/42 | ||
| 008 | 950628s1982 fre d | ||
| 020 | |a 2-7071-1332-8 | ||
| 035 | |l 10013937 | ||
| 040 | |a GR-MY-UA |b gre |e aacr | ||
| 041 | 0 | |a fre | |
| 082 | 0 | |a 915 | |
| 100 | 1 | |a Tournefort, Joseph Pitton de |d 1656-1708. | |
| 245 | 1 | 3 | |a La Turquie, la Georgie, l'Armenie / |c Joseph Pitton de Tournefort ; Notes et bibliographie de Stephane Yerasimos |
| 260 | |a Paris : |b Francois Maspero, |c 1982 | ||
| 300 | |a 330 p |b chart | ||
| 490 | 1 | |a FM/La Decouverte |v ; 56 | |
| 600 | 1 | 0 | |a Tournefort Joseph Pitton de |d 1656-1708. |
| 651 | 0 | |a Aegean Islands (Greece and Turkey) |x Description and travel |y Early works to 1800. | |
| 651 | 0 | |a Turkey |x Description and travel |y Early works to 1800. | |
| 651 | 0 | |a Armenia |x Description and travel |y Early works to 1800. | |
| 651 | 0 | |a Georgia |x Description and travel |y Early works to 1800. | |
| 700 | 1 | |a Yerasimos, Stefanos |d 1942- | |
| 774 | 1 | |t Voyage d'un botaniste | |
| 830 | 0 | |a FM/La Decouverte = 1982 ; |v ; 56 | |
| 852 | |a INST |b LESVOS |e 19950628 |h 915 TOU |p 005100008298 |q 005100008298 |t BK |y 0 |z v.2 | ||
| 852 | |a INST |b LESVOS |e 19950628 |h 915 TOU |p 005100008298 |q 005100008298 |t BK |v v.2: |y 0 |z v.2 | ||
| 853 | |a INST |b LESVOS |h 915 TOU | ||
| 909 | |a Λ |b 020855 | ||
| 922 | |a 1ΕΛΗ |b 199108 |c ΠΠ/160 | ||